000 00879nam a2200277 i 4500
001 000038251
003 DO-SdBNP
005 20250918134041.0
007 ta
008 130405s2006 dr 000 0 spa d
040 _aDO-SdBNP
_bspa
_cBNPHU
_erda
041 _aspa
082 4 _a190
_bA561h 2006
_222
100 1 _aP. Mateo, Andrés, S. J.,
_eautor
_qP. Mateo Andrés, s.j.
_4aut.
_964620
245 1 3 _aEl hombre como pensador :
_bbreve introducción a la filosofía /
_cP. Mateo Andrés, s.j.
250 _aTrigécima edición
264 4 _aSanto Domingo :
_bEdiciones MSC,
_c©2006.
300 _a152 páginas ;
_c|23 cm.
336 _atexto
_btxt
_2rdacontent
337 _asin mediación
_bn
_2rdamedia
338 _avolumen
_bnc
_2rdacarrier
490 1 _aColección Pensamiento y Vida
_v1
590 _aInventariado, 2023/BT
910 _aBtavárez
942 _2ddc
_cLBS1
999 _c37741
_d37741